000 00483nam a2200181Ia 4500
008 090124s9999 xx 000 0 und d
082 _b29270
100 _aराजे शैलजा
245 _a ललाट
250 _a1
260 _bनवचैतन्य प्रकाशन
_c1990
300 _a153
600 _aराजे शैलजा
630 _a ललाट
700 _aराजे शैलजा
730 _a ललाट
942 _cBOOK
999 _c94737
_d94737